All Battles of the American Civil War - Statistics

General Stats
  • This quiz has been taken 107 times
  • The average score is 40 of 384
Answer Stats
Year Battle % Correct
1863 Battle of Gettysburg
88%
1861 1st Battle of Bull Run
86%
1861 Battle of Fort Sumter
86%
1862 2nd Battle of Bull Run
77%
1863 2nd Battle of Fort Sumter
77%
1862 Battle of Antietam
77%
1864 Battle of Atlanta
75%
1863 Siege of Vicksburg
75%
1861 Battle of Rich Mountain
68%
1863 2nd Battle of Fredericksburg
66%
1865 Battle of Appomattox Court House
66%
1865 Battle of Appomattox Station
66%
1862 Battle of Fredericksburg
66%
1862 Battle of Shiloh
66%
1864 Battle of the Wilderness
63%
1862 Capture of New Orleans
61%
1862 Battle of Richmond
57%
1862 1st Battle of Chattanooga
54%
1863 2nd Battle of Chattanooga
54%
1863 Battle of Chancellorsville
54%
1864 Battle of Cold Harbor
52%
1864 Battle of Old Church
52%
1864 Battle of Nashville
50%
1863 Battle of Chickamauga
45%
1862 Battle of Harpers Ferry
45%
1862 Battle of Forts Jackson and St. Philip
43%
1863 1st Battle of Charleston Harbor
41%
1863 2nd Battle of Charleston Harbor
41%
1864 1st Battle of Petersburg
39%
1864 2nd Battle of Petersburg
39%
1865 3rd Battle of Petersburg
39%
1863 Battle of Jackson
39%
1862 Battle of Jackson, Tennessee
39%
1863 Battle of Manassas Gap
39%
1862 Battle of Manassas Station Ops.
39%
1864 Battle of Mobile Bay
39%
1862 1st Battle of Memphis
38%
1864 2nd Battle of Memphis
38%
1864 Battle of Spotsylvania Court House
38%
1862 Battle of Fort Donelson
36%
1862 1st Battle of Murfreesboro
32%
1862 Battle of Pea Ridge
32%
1862 2nd Battle of Corinth
30%
1862 Siege of Corinth
30%
1863 2nd Battle of Fort Wagner
29%
1863 Battle of Fort Wagner
29%
1862 Battle of Williamsburg
29%
1861 Battle of Wilson's Creek
29%
1864 Battle of Wilson's Wharf
29%
1863 Battle of Galveston
27%
1862 Battle of Galveston Harbor
27%
1862 Siege of Yorktown
27%
1863 Battle of Pine Bluff
25%
1861 1st First Battle of Lexington
23%
1864 2nd Battle of Lexington
23%
1862 Battle of Fort Henry
23%
1863 | 1864 Battle of Franklin
23%
1862 Battle of Hampton Roads
23%
1862 Battle of Mill Springs
21%
1862-1863 Battle of Stones River
21%
1863 Battle of Washington
21%
1864 3rd Battle of Murfreesboro
20%
1864 Battle of Darbytown and New Market
20%
1862 Battle of Island Number Ten
20%
1864 Battle of Spring Hill
20%
1864 Battle of Chester Station
18%
1864 Battle of Columbia
18%
1863 Battle of Day's Gap
18%
1865 Battle of Selma
18%
1862 Battle of South Mills
18%
1862 Battle of South Mountain
18%
1864 Battle of Yellow Bayou
18%
1862 1st Battle of Winchester
16%
1863 2nd Battle of Winchester
16%
1864 Battle of Kennesaw Mountain
16%
1864 Battle of New Market
16%
1862 Battle of Perryville
16%
1864 Battle of the Crater
16%
1864 Battle of Yellow Tavern
16%
1864 1st Battle of Fort Fisher
14%
1861 1st Battle of Springfield
14%
1865 2nd Battle of Fort Fisher
14%
1863 2nd Battle of Springfield
14%
1864 Battle of Dallas
14%
1864 Battle of Fort Pillow
14%
1864 Battle of North Anna
14%
1864 Battle of Paducah
14%
1865 Battle of Wilmington
14%
1861 Battle of Belmont
13%
1861 Battle of Camp Wildcat
13%
1864 Battle of Cedar Creek
13%
1862 Battle of Cedar Mountain
13%
1862 Battle of Malvern Hill
13%
1862 Battle of Roanoke Island
13%
1863 Siege of Port Hudson
13%
1861 Battle of Ball's Bluff
11%
1864 Battle of Fair Garden
11%
1862 Battle of Fort Pulaski
11%
1862 Battle of Glorieta Pass
11%
1863 Battle of Lookout Mountain
11%
1864 Battle of Olustee
11%
1865 Battle of Sayler's Creek
11%
1864 Battle of Tupelo
11%
1862 Battle of White Hall
11%
1862 1st Battle of Sabine Pass
9%
1863 2nd Battle of Sabine Pass
9%
1865 Battle of Bentonville
9%
1864 Battle of Brice's Crossroads
9%
1863 Battle of Champion Hill
9%
1862 Battle of Chickasaw Bayou
9%
1862 Battle of Clark's Mill
9%
1865 Battle of Cumberland Church
9%
1863 Battle of Fort Anderson
9%
1862 Battle of Fort Macon
9%
1862 Battle of Front Royal
9%
1864 Battle of Lynchburg
9%
1863 Battle of Missionary Ridge
9%
1864 Battle of Monocacy
9%
1862 Battle of Munfordville
9%
1864 Battle of Resaca
9%
1865 Battle of Rice's Station
9%
1864 Battle of Staunton River Bridge
9%
1861 Battle of Barbourville
7%
1861 Battle of Big Bethel
7%
1863 Battle of Brandy Station
7%
1861 Battle of Cheat Mountain
7%
1864 Battle of Cynthiana
7%
1862 Battle of Gaines' Mill
7%
1862 Battle of Iuka
7%
1862 Battle of New Bern
7%
1864 Battle of New Hope Church
7%
1864 Battle of Peachtree Creek
7%
1864 Battle of Pickett's Mill
7%
1861 Battle of Rowlett's Station
7%
1862 Battle of Seven Pines
7%
1864 Battle of Smithfield Crossing
7%
1863 Battle of Suffolk
7%
1862 Battle of Valverde
7%
1865 Battle of White Oak Road
7%
1862 Battle of White Oak Swamp
7%
1862 1st Battle of Kernstown
5%
1864 2nd Battle of Kernstown
5%
1864 Battle of Athens
5%
1861 Battle of Carnifex Ferry
5%
1863 Battle of Corydon
5%
1862 Battle of Cross Keys
5%
1862 Battle of Drewry's Bluff
5%
1864 Battle of Fair Oaks & Darbytown Road
5%
1861 Battle of Hatteras Inlet Batteries
5%
1864 Battle of Jenkins' Ferry
5%
1862 Battle of McDowell
5%
1864 Battle of Meridian
5%
1862 Battle of Middle Creek
5%
1862 Battle of Parker's Cross Roads
5%
1861 Battle of Philippi
5%
1863 Battle of Salem Church
5%
1862 Battle of Thoroughfare Gap
5%
1864 Battle of Westport
5%
1862 Battle of Wood Lake
5%
1862 1st Battle of Rappahannock Station
4%
1863 2nd Battle of Rappahannock Station
4%
1862 Battle of Baton Rouge
4%
1861 Battle of Blackburn's Ford
4%
1863 Battle of Blue Springs
4%
1863 Battle of Bristoe Station
4%
1864 Battle of Bull's Gap
4%
1861 Battle of Carthage
4%
1864 Battle of Darbytown Road
4%
1864 Battle of Decatur
4%
1864 Battle of Ezra Church
4%
1865 Battle of Five Forks
4%
1862 Battle of Georgia Landing
4%
1862 Battle of Glendale
4%
1864 Battle of Mansfield
4%
1863 Battle of Milliken's Bend
4%
1864 Battle of Mine Creek
4%
1863 Battle of Mine Run
4%
1862 Battle of Old Fort Wayne
4%
1865 Battle of Palmito Ranch
4%
1863 Battle of Port Gibson
4%
1863 Battle of Raymond
4%
1862 Battle of Secessionville
4%
1861 Battle of Sewell's Point
4%
1862 Battle of Tampa
4%
1864 | 1865 Battle of Waynesboro
4%
1861 Engagement at Fredericktown
4%
1863 Lawrence Massacre
4%
1863 1st Battle of Auburn
2%
1864 1st Battle of Dalton
2%
1864 1st Battle of Deep Bottom
2%
1862 1st Battle of Independence
2%
1864 1st Battle of Ream's Station
2%
1863 2nd Battle of Auburn
2%
1864 2nd Battle of Dalton
2%
1864 2nd Battle of Deep Bottom
2%
1864 2nd Battle of Independence
2%
1864 2nd Battle of Ream's Station
2%
1861 Action at Blue Mills Landing
2%
1864 Battle of Allatoona
2%
1861 Battle of Aquia Creek
2%
1863 Battle of Baxter Springs
2%
1863 Battle of Bayou Fourche
2%
1863 Battle of Bean's Station
2%
1862 Battle of Beaver Dam Creek
2%
1864 Battle of Berryville
2%
1863 Battle of Big Black River Bridge
2%
1861 Battle of Boonville
2%
1864 Battle of Boydton Plank Road
2%
1861 Battle of Camp Allegheny
2%
1863 Battle of Cape Girardeau
2%
1862 Battle of Chantilly
2%
1861 Battle of Chustenahlah
2%
1861 Battle of Chusto-Talasah
2%
1862 Battle of Cockpit Point
2%
1864 Battle of Cool Spring
2%
1863 Battle of Davis's Cross Roads
2%
1863 Battle of Dover
2%
1861 Battle of Dranesville
2%
1863 Battle of Droop Mountain
2%
1861 Battle of Dry Wood Creek
2%
1862 Battle of Eltham's Landing
2%
1864 Battle of Fisher's Hill
2%
1864 Battle of Fort Davidson
2%
1863 Battle of Fort Sanders
2%
1865 Battle of Fort Stedman
2%
1864 Battle of Fort Stevens
2%
1864 Battle of Glasgow
2%
1864 Battle of Globe Tavern
2%
1861 Battle of Greenbrier River
2%
1862 Battle of Hancock
2%
1863 Battle of Hanover
2%
1862 Battle of Hanover Court House
2%
1865 Battle of High Bridge
2%
1861 Battle of Hoke's Run
2%
1864 Battle of Honey Hill
2%
1863 Battle of Honey Springs
2%
1861 Battle of Ivy Mountain
2%
1864 Battle of Jerusalem Plank Road
2%
1864 Battle of Jonesborough
2%
1861 Battle of Kessler's Cross Lanes
2%
1865 Battle of Lewis's Farm
2%
1864 Battle of Marietta
2%
1861 Battle of Mount Zion Church
2%
1864 Battle of Okolona
2%
1863 Battle of Plains Store
2%
1864 Battle of Plymouth
2%
1864 Battle of Poison Spring
2%
1862 Battle of Port Republic
2%
1864 Battle of Prairie D'Ane
2%
1863 Battle of Ringgold Gap
2%
1865 Battle of Rivers' Bridge
2%
1862 Battle of Roan's Tan Yard
2%
1864 Battle of Rocky Face Ridge
2%
1861 Battle of Round Mountain
2%
1864 Battle of Saint Mary's Church
2%
1861 Battle of Santa Rosa Island
2%
1862 Battle of Savage's Station
2%
1864 Battle of Summit Point
2%
1864 Battle of Totopotomoy Creek
2%
1864 Battle of Utoy Creek
2%
1863 Battle of Vermilion Bayou
2%
1863 Battle of Wauhatchie
2%
1864 Sand Creek massacre
2%
1862 1st Battle of Donaldsonville
0%
1862 1st Battle of Newtonia
0%
1864 1st Battle of Saltville
0%
1863 2nd Battle of Donaldsonville
0%
1864 2nd Battle of Fort McAllister
0%
1864 2nd Battle of Newtonia
0%
1864 2nd Battle of Saltville
0%
1864 Battle of Adairsville
0%
1864 Battle of Albemarle Sound
0%
1863 Battle of Aldie
0%
1865 Battle of Amelia Springs
0%
1863 Battle of Arkansas Post
0%
1865 Battle of Averasborough
0%
1863 Battle of Big Mound
0%
1864 Battle of Blair's Landing
0%
1863 Battle of Blountville
0%
1863 Battle of Boonsboro
0%
1863 Battle of Brentwood
0%
1864 Battle of Buck Head Creek
0%
1863 Battle of Buckland Mills
0%
1863 Battle of Buffington Island
0%
1864 Battle of Byram's Ford
0%
1863 Battle of Cabin Creek
0%
1863 Battle of Campbell's Station
0%
1862 Battle of Cane Hill
0%
1864 Battle of Chaffin's Farm
0%
1863 Battle of Chalk Bluff
0%
1864 Battle of Cloyd's Mountain
0%
1863 Battle of Collierville
0%
1862 Battle of Cotton Plant
0%
1864 Battle of Cove Mountain
0%
1864 Battle of Dandridge
0%
1863 Battle of Dead Buffalo Lake
0%
1863 Battle of Devil's Backbone
0%
1865 Battle of Dinwiddie Court House
0%
1864 Battle of Elkin's Ferry
0%
1864 Battle of Folck's Mill
0%
1863 Battle of Fort Bisland
0%
1865 Battle of Fort Blakeley
0%
1863 Battle of Fort Brooke
0%
1864 Battle of Fort DeRussy
0%
1863 Battle of Fort McAllister
0%
1862 Battle of Fort Ridgely
0%
1862 Battle of Garnett's & Golding's Farm
0%
1862 Battle of Goldsborough Bridge
0%
1863 Battle of Goodrich's Landing
0%
1863 Battle of Grand Gulf
0%
1863 Battle of Grimball's Landing
0%
1864 Battle of Griswoldville
0%
1864 Battle of Guard Hill
0%
1862 Battle of Hartsville
0%
1863 Battle of Hartville
0%
1865 Battle of Hatcher's Run
0%
1862 Battle of Hatchie's Bridge
0%
1864 Battle of Haw's Shop
0%
1863 Battle of Helena
0%
1863 Battle of Hoover's Gap
0%
1863 Battle of Irish Bend
0%
1864 Battle of Johnsonville
0%
1863 Battle of Kelly's Ford
0%
1864 Battle of Killdeer Mountain
0%
1862 Battle of Kinston
0%
1862 Battle of Kirksville
0%
1863 Battle of Kock's Plantation
0%
1864 Battle of Kolb's Farm
0%
1863 Battle of LaFourche Crossing
0%
1863 Battle of Lake Providence
0%
1864 Battle of Little Blue River
0%
1862 Battle of Lone Jack
0%
1864 Battle of Lovejoy's Station
0%
1864 Battle of Mansura
0%
1864 Battle of Marais des Cygnes
0%
1864 Battle of Marion
0%
1864 Battle of Marks' Mills
0%
1864 Battle of Marmiton River
0%
1864 Battle of Middle Boggy Depot
0%
1863 Battle of Middleburg
0%
1864 Battle of Monett's Ferry
0%
1865 Battle of Monroe's Cross Roads
0%
1864 Battle of Moorefield
0%
1864 Battle of Morton's Ford
0%
1863 Battle of Mossy Creek
0%
1865 Battle of Namozine Church
0%
1865 Battle of Natural Bridge
0%
1862 Battle of Oak Grove
0%
1864 Battle of Old River Lake
0%
1864 Battle of Opequon
0%
1864 Battle of Peebles' Farm
0%
1864 Battle of Piedmont
0%
1864 Battle of Pleasant Hill
0%
1864 Battle of Port Walthall Junction
0%
1862 Battle of Prairie Grove
0%
1862 Battle of Princeton Court House
0%
1864 Battle of Proctor's Creek
0%
1864 Battle of Rutherford's Farm
0%
1862 Battle of Saint Charles
0%
1862 Battle of Saint John's Bluff
0%
1863 Battle of Salineville
0%
1864 Battle of Sappony Church
0%
1862 Battle of Shepherdstown
0%
1862 Battle of Simmon's Bluff
0%
1863 Battle of Snyder's Bluff
0%
1865 Battle of Spanish Fort
0%
1863 Battle of Stirling's Plantation
0%
1863 Battle of Stony Lake
0%
1865 Battle of Sutherland's Station
0%
1864 Battle of Swift Creek
0%
1863 Battle of Thompson's Station
0%
1864 Battle of Tom's Brook
0%
1862 Battle of Tranter's Creek
0%
1864 Battle of Trevilian Station
0%
1863 Battle of Upperville
0%
1863 Battle of Vaught's Hill
0%
1864 Battle of Walkerton
0%
1864 Battle of Ware Bottom Church
0%
1863 Battle of Whitestone Hill
0%
1863 Battle of Williamsport
0%
1865 Battle of Wyse Fork
0%
1863 Bear River Massacre
0%
No matching quizzes found
Score Distribution
Percent of People with Each Score
Percentile by Number Answered
Your Score History
You have not taken this quiz